OCA/OCP : (Record no. 3789)
[ view plain ]
| 000 -LEADER | |
|---|---|
| fixed length control field | 00820nam a22002412 4500 |
| 001 - CONTROL NUMBER | |
| control field | 0000018689 |
| 005 - DATE AND TIME OF LATEST TRANSACTION | |
| control field | 20151217145906.0 |
| 008 - FIXED-LENGTH DATA ELEMENTS--GENERAL INFORMATION | |
| fixed length control field | 100422s xx 000 0 eng d |
| 020 ## - INTERNATIONAL STANDARD BOOK NUMBER | |
| International Standard Book Number | 8176565849 : |
| 040 ## - CATALOGING SOURCE | |
| Original cataloging agency | KABU |
| Transcribing agency | KABU |
| 100 1# - MAIN ENTRY--PERSONAL NAME | |
| Personal name | Thomas, Biju. |
| -- | 0000178012 |
| 245 10 - TITLE STATEMENT | |
| Title | OCA/OCP : |
| Remainder of title | Oracle9i DBA fundamentals I; study guide / |
| Statement of responsibility, etc. | Biju Thomas, Bob Bryla. |
| 250 ## - EDITION STATEMENT | |
| Edition statement | 1st ed. |
| 260 ## - PUBLICATION, DISTRIBUTION, ETC. (IMPRINT) | |
| Place of publication, distribution, etc. | New Delhi : |
| Name of publisher, distributor, etc. | BPB, |
| Date of publication, distribution, etc. | 2002. |
| 300 ## - PHYSICAL DESCRIPTION | |
| Extent | xxxix, 452 p. + |
| Accompanying material | 1 CD-ROM. |
| 650 #0 - SUBJECT ADDED ENTRY--TOPICAL TERM | |
| Topical term or geographic name as entry element | Oracle (Computer file) |
| -- | 0000154498 |
| 650 #0 - SUBJECT ADDED ENTRY--TOPICAL TERM | |
| Topical term or geographic name as entry element | Electronic data processing personnel |
| General subdivision | Certification. |
| -- | 0000154258 |
| 650 #0 - SUBJECT ADDED ENTRY--TOPICAL TERM | |
| Topical term or geographic name as entry element | Database management |
| General subdivision | Examination |
| -- | Study guide. |
| -- | 0000178013 |
| 700 1# - ADDED ENTRY--PERSONAL NAME | |
| Personal name | Bryla, Bob. |
| -- | 0000178014 |
| 852 1# - LOCATION | |
| -- | p3850 KES |
| 908 ## - PUT COMMAND PARAMETER (RLIN) | |
| Put command parameter | 100422 |
| 950 ## - LOCAL HOLDINGS (RLIN) | |
| -- | 1 |
| Withdrawn status | Lost status | Source of classification or shelving scheme | Not for loan | Home library | Current library | Date acquired | Total Checkouts | Full call number | Barcode | Date last seen | Date last checked out | Price effective from | Koha item type |
|---|---|---|---|---|---|---|---|---|---|---|---|---|---|
| Library of Congress Classification | Kabarak, Main Campus | Kabarak, Main Campus | 17/12/2015 | 2 | QA76.3 .T46 2002 c. 1 | 18883 | 23/06/2021 | 23/06/2021 | 17/12/2015 | General Collection |